01081 a2200349 4500502002400000260001500024653001400039100001900053041000700072260003100079300001100110245005800121650002300179650002600202650001100228650001000239650001900249650001600268650001900284650001200303260002100315300002900336130000700365440003100372710002600403040001400429041000700443100008900450651001300539520016200552020001700714 aThèse de Doctorat aWageningen1 aAgronomie aROQUAS, Esther bEn bUniversité de Wageningen a263 p. aStacked law : land, property and conflict in Honduras aPROPRIETE FONCIERE aEXPLOITATION AGRICOLE aMENAGE aFEMME aTERRE AGRICOLE aLEGISLATION aREGIME FONCIER aCONFLIT c12 february 2002 bIll., Couv. ill. ; 24 cm lEn aThela Latin America Series aWageningen University aSupport  bEn uAbomey-Calavi, Université d'Abomey-Calavi, Faculté des Sciences Agronomiques, Bj aHONDURAS aConflicts about even the smallest amount of land potentially generate violence and reshape people's mutual relations and their relationship with the state... a90-5808-5600